<?xml version="1.0" encoding="UTF-8"?>
<collection xmlns="http://www.loc.gov/MARC21/slim">
 <record>
  <leader>02892nam a22003017a 4500</leader>
  <controlfield tag="001">NCT_39647</controlfield>
  <controlfield tag="008">180608b        xxu||||| |||| 00| 0 vie d</controlfield>
  <datafield tag="999" ind1=" " ind2=" ">
   <subfield code="c">1912</subfield>
   <subfield code="d">1912</subfield>
  </datafield>
  <datafield tag="020" ind1=" " ind2=" ">
   <subfield code="c">98000</subfield>
  </datafield>
  <datafield tag="082" ind1="0" ind2="4">
   <subfield code="2">23rd ed.</subfield>
   <subfield code="a">657.076</subfield>
   <subfield code="b">H513</subfield>
  </datafield>
  <datafield tag="100" ind1=" " ind2=" ">
   <subfield code="a">Trịnh Quốc Hùng</subfield>
  </datafield>
  <datafield tag="245" ind1="1" ind2="0">
   <subfield code="a">Bài tập thực hành kế toán (Lập chứng từ - ghi sổ - lập báo cáo tài chính) ; </subfield>
   <subfield code="b"> Theo quyết đinh số 15/2006/QĐ-BTC ngày 20/03/2006 của BTC (Có sửa đổi theo thông tư 244/2009/TT-BTC ngày 31/12/2009 của BTC)</subfield>
   <subfield code="c">Trịnh Quốc Hùng, Trịnh Minh Tân</subfield>
  </datafield>
  <datafield tag="260" ind1=" " ind2=" ">
   <subfield code="a">TP. Hồ Chí Minh</subfield>
   <subfield code="b"> Phương Đông</subfield>
   <subfield code="c">2010</subfield>
  </datafield>
  <datafield tag="300" ind1=" " ind2=" ">
   <subfield code="a">442 tr.</subfield>
   <subfield code="b">Minh họa</subfield>
   <subfield code="c">24 cm</subfield>
  </datafield>
  <datafield tag="520" ind1="3" ind2=" ">
   <subfield code="a">Bài tập thực hành kế toán, được soạn theo giáo trình giảng dạy dựa trên thực tế công việc kế toán tại các đơn vị kinh doanh, nội dung bao gồm: -    Tóm tắt lý thuyết ngắn gọn, dễ hiểu. -    Bài tập đa dạng, mới được xây dựng theo từng nội dung riêng biệt sát với thực tế, cụ thể: Phần I: Câu hỏi kiểm tra kiến thức tiếp thu. Phần II: Câu hỏi thảo luận. Phần III: Lập chứng từ, ghi sổ và lập báo cáo tài chính.</subfield>
  </datafield>
  <datafield tag="653" ind1=" " ind2=" ">
   <subfield code="a">Kế toán</subfield>
  </datafield>
  <datafield tag="700" ind1="1" ind2=" ">
   <subfield code="a">Trinh Minh Tân</subfield>
  </datafield>
  <datafield tag="942" ind1=" " ind2=" ">
   <subfield code="2">ddc</subfield>
   <subfield code="c">BK</subfield>
  </datafield>
  <datafield tag="952" ind1=" " ind2=" ">
   <subfield code="0">0</subfield>
   <subfield code="1">0</subfield>
   <subfield code="2">ddc</subfield>
   <subfield code="4">0</subfield>
   <subfield code="6">657_076000000000000_H513</subfield>
   <subfield code="7">0</subfield>
   <subfield code="9">9868</subfield>
   <subfield code="a">000001</subfield>
   <subfield code="b">000001</subfield>
   <subfield code="d">2018-06-08</subfield>
   <subfield code="o">657.076 H513</subfield>
   <subfield code="p">MD.07115</subfield>
   <subfield code="r">2018-06-08</subfield>
   <subfield code="v">98000.00</subfield>
   <subfield code="w">2018-06-08</subfield>
   <subfield code="y">BK</subfield>
  </datafield>
  <datafield tag="952" ind1=" " ind2=" ">
   <subfield code="0">0</subfield>
   <subfield code="1">0</subfield>
   <subfield code="2">ddc</subfield>
   <subfield code="4">0</subfield>
   <subfield code="6">657_076000000000000_H513</subfield>
   <subfield code="7">0</subfield>
   <subfield code="9">9869</subfield>
   <subfield code="a">000001</subfield>
   <subfield code="b">000001</subfield>
   <subfield code="d">2018-06-08</subfield>
   <subfield code="o">657.076 H513</subfield>
   <subfield code="p">MD.07117</subfield>
   <subfield code="r">2018-06-08</subfield>
   <subfield code="v">98000.00</subfield>
   <subfield code="w">2018-06-08</subfield>
   <subfield code="y">BK</subfield>
  </datafield>
  <datafield tag="952" ind1=" " ind2=" ">
   <subfield code="0">0</subfield>
   <subfield code="1">0</subfield>
   <subfield code="2">ddc</subfield>
   <subfield code="4">0</subfield>
   <subfield code="6">657_076000000000000_H513</subfield>
   <subfield code="7">0</subfield>
   <subfield code="9">9870</subfield>
   <subfield code="a">000001</subfield>
   <subfield code="b">000001</subfield>
   <subfield code="d">2018-06-08</subfield>
   <subfield code="o">657.076 H513</subfield>
   <subfield code="p">MD.07118</subfield>
   <subfield code="r">2019-10-02</subfield>
   <subfield code="v">98000.00</subfield>
   <subfield code="w">2018-06-08</subfield>
   <subfield code="y">BK</subfield>
  </datafield>
  <datafield tag="952" ind1=" " ind2=" ">
   <subfield code="0">0</subfield>
   <subfield code="1">0</subfield>
   <subfield code="2">ddc</subfield>
   <subfield code="4">0</subfield>
   <subfield code="6">657_076000000000000_H513</subfield>
   <subfield code="7">0</subfield>
   <subfield code="9">9871</subfield>
   <subfield code="a">000001</subfield>
   <subfield code="b">000001</subfield>
   <subfield code="d">2018-06-08</subfield>
   <subfield code="o">657.076 H513</subfield>
   <subfield code="p">MD.07540</subfield>
   <subfield code="r">2018-06-08</subfield>
   <subfield code="v">98000.00</subfield>
   <subfield code="w">2018-06-08</subfield>
   <subfield code="y">BK</subfield>
  </datafield>
  <datafield tag="952" ind1=" " ind2=" ">
   <subfield code="0">0</subfield>
   <subfield code="1">0</subfield>
   <subfield code="2">ddc</subfield>
   <subfield code="4">0</subfield>
   <subfield code="6">657_076000000000000_H513</subfield>
   <subfield code="7">0</subfield>
   <subfield code="9">9872</subfield>
   <subfield code="a">000001</subfield>
   <subfield code="b">000001</subfield>
   <subfield code="d">2018-06-08</subfield>
   <subfield code="o">657.076 H513</subfield>
   <subfield code="p">MD.07543</subfield>
   <subfield code="r">2018-06-08</subfield>
   <subfield code="v">98000.00</subfield>
   <subfield code="w">2018-06-08</subfield>
   <subfield code="y">BK</subfield>
  </datafield>
  <datafield tag="952" ind1=" " ind2=" ">
   <subfield code="0">0</subfield>
   <subfield code="1">0</subfield>
   <subfield code="2">ddc</subfield>
   <subfield code="4">0</subfield>
   <subfield code="6">657_076000000000000_H513</subfield>
   <subfield code="7">0</subfield>
   <subfield code="9">9873</subfield>
   <subfield code="a">000001</subfield>
   <subfield code="b">000001</subfield>
   <subfield code="d">2018-06-08</subfield>
   <subfield code="o">657.076 H513</subfield>
   <subfield code="p">MD.07130</subfield>
   <subfield code="r">2018-06-08</subfield>
   <subfield code="v">98000.00</subfield>
   <subfield code="w">2018-06-08</subfield>
   <subfield code="y">BK</subfield>
  </datafield>
  <datafield tag="952" ind1=" " ind2=" ">
   <subfield code="0">0</subfield>
   <subfield code="1">0</subfield>
   <subfield code="2">ddc</subfield>
   <subfield code="4">0</subfield>
   <subfield code="6">657_076000000000000_H513</subfield>
   <subfield code="7">0</subfield>
   <subfield code="9">9874</subfield>
   <subfield code="a">000001</subfield>
   <subfield code="b">000001</subfield>
   <subfield code="d">2018-06-08</subfield>
   <subfield code="o">657.076 H513</subfield>
   <subfield code="p">MD.07124</subfield>
   <subfield code="r">2018-06-08</subfield>
   <subfield code="v">98000.00</subfield>
   <subfield code="w">2018-06-08</subfield>
   <subfield code="y">BK</subfield>
  </datafield>
  <datafield tag="952" ind1=" " ind2=" ">
   <subfield code="0">0</subfield>
   <subfield code="1">0</subfield>
   <subfield code="2">ddc</subfield>
   <subfield code="4">0</subfield>
   <subfield code="6">657_076000000000000_H513</subfield>
   <subfield code="7">0</subfield>
   <subfield code="9">9880</subfield>
   <subfield code="a">000001</subfield>
   <subfield code="b">000001</subfield>
   <subfield code="d">2018-06-08</subfield>
   <subfield code="o">657.076 H513</subfield>
   <subfield code="p">MD.07127</subfield>
   <subfield code="r">2018-06-08</subfield>
   <subfield code="v">98000.00</subfield>
   <subfield code="w">2018-06-08</subfield>
   <subfield code="y">BK</subfield>
  </datafield>
  <datafield tag="952" ind1=" " ind2=" ">
   <subfield code="0">0</subfield>
   <subfield code="1">0</subfield>
   <subfield code="2">ddc</subfield>
   <subfield code="4">0</subfield>
   <subfield code="6">657_076000000000000_H513</subfield>
   <subfield code="7">0</subfield>
   <subfield code="9">9881</subfield>
   <subfield code="a">000001</subfield>
   <subfield code="b">000001</subfield>
   <subfield code="d">2018-06-08</subfield>
   <subfield code="o">657.076 H513</subfield>
   <subfield code="p">MD.07121</subfield>
   <subfield code="r">2018-06-08</subfield>
   <subfield code="v">98000.00</subfield>
   <subfield code="w">2018-06-08</subfield>
   <subfield code="y">BK</subfield>
  </datafield>
  <datafield tag="980" ind1=" " ind2=" ">
   <subfield code="a">Thư viện Trường Đại học Nam Cần Thơ</subfield>
  </datafield>
 </record>
</collection>
